000 01806nim a2200385 i 4500
001 197351
003 ES-MaACL
005 20250828062630.0
007 ss lsnjlcipnne
008 210525s1991 sp nnnn |||| 00| spa d
040 _bspa
_cES-MaACL
245 0 0 _aPresentación del libro "Historia del anarquismo en Latinoamérica" de Ángel Cappelletti
_h[Grabación sonora] /
_cintervienen Floreal Palanca Vinué, David M. Rivas y José Luis Velasco
260 _aMadrid :
_bAteneo de Madrid,
_c1991
300 _a1 casete (ca. 90 min) :
_bson. ;
_c11 cm
490 1 _3Actos culturales en el Ateneo de Madrid
511 _aIntervienen Floreal Palanca Vinue, antropólogo y redactor de "La protesta" ; David M. Rivas, profesor de Estructura Económica y secretario del Ateneo; y José Luis Velasco, economista y Editorial Madre Tierra.
518 _aGrabado el 27 de mayo de 1991 en el Salón de Actos del Ateneo de Madrid.
540 _aDocumento inédito
594 _5Datos basados en la invitación.
600 _aCappelletti, Ángel.
_tHistoria del anarquismo en Latinoamérica
_9240601
610 2 0 _aAteneo de Madrid-
_xActos culturales-
_y1991-
_vGrabaciones sonoras
_9240452
650 4 _aAnarquismo-
_zAmérica Latina
_99784
653 _aArchivo de la palabra
700 1 _9240600
_aPalanca, Floreal
_eora
_d1945-2004
700 1 _997554
_aRivas, David M.
_eora
700 1 _9113728
_aVelasco, José Luis
_eora
710 2 _91875
_aAteneo de Madrid
_ehis
710 2 _aEditorial Madre Tierra
_esht
_9240594
830 0 _aActos culturales en el Ateneo de Madrid
_9240237
852 _aES-MaACL
_cDEPOZ
_9205666
_pCinta 1
852 _aES-MaACL
_cDEPOZ
_9205667
_pCinta 2
942 _2udc
_n0
_cCINTASAUD
999 _c197351
_d197351